000
00199 a2200085 4500
020
_a
062801967
082
_b
J 510 SCH
100
_a
Schnell D. S and Shapiro B
_9
179287
245
_a
Lessons in Mathematics
999
_c
752332
_d
752331
942
_w
395
_x
Kholofelo Moabelo
_y
395
_z
Kholofelo Moabelo